00553 2200217 4500001002100000005001500021035002000036007000300056008004100059020001800100082000800118084001400126100000900140245006000149250001600209260003400225300003000259650002000289990001300309990001300322INLIS00000000000012320221118093417 a0010-1122000123ta221118 g 0 ind  a979-3833-99-8 a813 a813 RIR s aRiri1 aSignor Bellissimo :b(Guruku yang superganteng) /cRiri aCet.II 2007 aJakarta :bWisma Hijau,c2005 a2, 228 hlm. ;c20 x 14 cm 4aFiksi Indonesia a00610061 a12301230